000 00468nam a2200133Ia 4500
008 220620s9999||||xx |||||||||||||| ||und||
022 _a18691765
100 _aRösch, Markus
245 0 _aDevelopment of lumped element kinetic inductance detectors for mm-wave astronomy at the IRAM 30 m telescope
546 _aEnglish[eng]
650 _aSuperconductivity||detectors||astronomy||kinetic inductance
856 _uhttps://www.ksp.kit.edu/9783731501107
942 _cEB
999 _c23185
_d23185